000 01099nam a2200277 i 4500
001 151060
003 ES-MaACL
005 20250727154948.0
007 t|
008 130312s2006 sp ||||1| spa d
020 _a84-7120-398-7
080 _a75 Giaquinto, Corrado (083.824)
100 1 _aGiaquinto, Corrado (
_d1703-1766)
_9154536
245 1 0 _aCorrado Giaquinto y España
_b: Madrid, Palacio Real, 5 abril-25 junio 2006 /
_cdirector científico, Alfonso E. Pérez Sánchez.
260 _a[Madrid] :
_bPatrimonio Nacional,
_c[2006]
300 _a302 p. :
_bil. col. y n., planos ;
_c29 cm.
504 _aBibliografía: p. 296-301.
600 1 4 _aGiaquinto, Corrado (
_d1703-1766)-
_vExposiciones.
_9154537
655 7 _2tgfbne
_9193628
_aCatálogos de exposiciones
700 1 _aPérez Sánchez, Alfonso E.,
_d1935-2010
_991143
710 2 _aPalacio Real (Madrid)
_9140906
852 _aES-MaACL
_jA-13046
_9156488
_bR.149770
_cDEPO1
_dOlim: N-6046
_hDonación: Real Academia Española
914 _96336
_aReal Academia Española
_ednr
942 _2udc
_cMONOGRAFIA
999 _c151060
_d151060